000
00297nam a22001337a 4500
008
170623b xxu||||| |||| 00| 0 eng d
020
_a
9780195072990
041
_a
eng
080
_a
32
100
_a
21
101
_a
SHP
245
_a
PACKAGING THE PRESIDENCY
_c
JAMIESON.H.K
942
_2
udc
_c
BK
999
_c
18910
_d
18910